LIBRARY & INFORMATION CENTRE, KCAET, TAVANUR

ONLINE PUBLIC ACCESS CATALOGUE (OPAC)

Vimanathilninnoru Kathu / (Record no. 12006)

MARC details
000 -LEADER
fixed length control field 00405cam a2200157ua 4500
041 ## - LANGUAGE CODE
Language code of text/sound track or separate title mal
082 ## - DEWEY DECIMAL CLASSIFICATION NUMBER
Classification number 894.812301
Item number ANN/VI
100 ## - MAIN ENTRY--AUTHOR NAME
Personal name Annie , Thayill .
245 ## - TITLE STATEMENT
Title Vimanathilninnoru Kathu /
260 ## - PUBLICATION, DISTRIBUTION, ETC. (IMPRINT)
Place of publication Kottayam :
Name of publisher National Book Stall ,
Year of publication 1962.
300 ## - PHYSICAL DESCRIPTION
Number of Pages ; .

No items available.

free website counter